So sánh các dòng đậu nành lai triển vọng : Báo cáo đề tài khoa học và công nghệ cấp trường
Với mục đích chọn được các giống đậu nành có 1 số đặc tình tốt, năng suất cao, ít bị nhiễm sâu bệnh để đưa vào sản xuất trên diện rộng ở Đồng bằng Sông Cửu Long, đề tài :" So sánh các dòng đậu nành lai triển vọng" được thu...
Gorde:
| Egile nagusia: | |
|---|---|
| Formatua: | Liburua |
| Hizkuntza: | Undetermined |
| Argitaratua: |
Cần Thơ
Trường Đại học Cần Thơ
2010
|
| Gaiak: | |
| Etiketak: |
Etiketa erantsi
Etiketarik gabe, Izan zaitez lehena erregistro honi etiketa jartzen!
|
| Thư viện lưu trữ: | Trung tâm Học liệu Trường Đại học Cần Thơ |
|---|
| LEADER | 01202nam a2200229Ia 4500 | ||
|---|---|---|---|
| 001 | CTU_164946 | ||
| 008 | 210402s9999 xx 000 0 und d | ||
| 082 | |a 633.34 | ||
| 082 | |b Th523 | ||
| 088 | |a T2007-43 | ||
| 100 | |a Phan, Thị Thanh Thủy | ||
| 245 | 0 | |a So sánh các dòng đậu nành lai triển vọng : | |
| 245 | 0 | |b Báo cáo đề tài khoa học và công nghệ cấp trường | |
| 245 | 0 | |c Phan Thị Thanh Thủy ( Chủ nhiệm đề tài) | |
| 260 | |a Cần Thơ | ||
| 260 | |b Trường Đại học Cần Thơ | ||
| 260 | |c 2010 | ||
| 520 | |a Với mục đích chọn được các giống đậu nành có 1 số đặc tình tốt, năng suất cao, ít bị nhiễm sâu bệnh để đưa vào sản xuất trên diện rộng ở Đồng bằng Sông Cửu Long, đề tài :" So sánh các dòng đậu nành lai triển vọng" được thử hiện qua 3 thí nghiệm tại thành phố Cần Thơ. | ||
| 650 | |a Soybean,Cây đậu nành | ||
| 904 | |i Trọng Hải | ||
| 915 | |a NN | ||
| 980 | |a Trung tâm Học liệu Trường Đại học Cần Thơ | ||